[Event "XLIV Capablanca Memorial Open"]
[Site "Havana CUB"]
[Date "2009.06.09"]
[Round "2"]
[White "Mencos,C"]
[Black "Ortiz,Na"]
[Result "0-1"]
[WhiteElo "1899"]
[BlackElo "2248"]
[EventDate "2009.06.08"]

1. e4 c5 2. Nf3 e6 3. d4 cxd4 4. Nxd4 a6 5. Bd3 g6 6. c3 Bg7 7. Qe2 d6 8.
Nd2 Ne7 9. O-O e5 10. Nc2 O-O 11. f4 exf4 12. Rxf4 Nbc6 13. Ne3 Be6 14. Rf2
d5 15. exd5 Nxd5 16. Nxd5 Bxd5 17. Nf3 Re8 18. Qf1 Qb6 19. Nd2 Ne5 20. Be2
Rac8 21. h3 Kh8 22. Kh1 f5 23. Rf4 Qe6 24. c4 Bc6 25. Nb3 Nf7 26. Bd3 Qe1
27. Rf2 Qxf1+ 28. Bxf1 Nd6 29. Bf4 Ne4 30. Rc2 g5 31. Bh2 f4 32. Na5 Ba4
33. Re2 b6 34. Rae1 Nf2+ 35. Kg1 Bd4 36. Rxe8+ Rxe8 37. Rxe8+ Bxe8 38. Nb3
Nxh3+ 39. Kh1 Nf2+ 40. Kg1 Be3 41. Be2 Nd3+ 42. Kf1 Nxb2 43. Bg1 Bxg1 44.
Kxg1 Na4 45. Bd3 Bf7 46. Kf2 Nb2 47. Be4 Nxc4 48. g3 fxg3+ 49. Kxg3 h5 50.
Bb7 a5 51. Ba6 Kg7 52. Nd4 Kf6 53. Nc6 h4+ 54. Kf2 g4 55. Nd4 g3+ 0-1

[Event "XLIV Capablanca Memorial Open"]
[Site "Havana CUB"]
[Date "2009.06.09"]
[Round "2"]
[White "Ubaldo Suarez,M"]
[Black "Pina Vega,S"]
[Result "0-1"]
[WhiteElo "2093"]
[BlackElo "2270"]
[EventDate "2009.06.08"]

1. d4 d6 2. c4 Nf6 3. Bg5 Nbd7 4. Nc3 h6 5. Bh4 c6 6. Nf3 e5 7. e4 Be7 8.
Be2 Qc7 9. O-O O-O 10. Rc1 Re8 11. Qc2 Nf8 12. dxe5 dxe5 13. Bg3 Ng6 14.
Ne1 Nf4 15. Bxf4 exf4 16. Nd3 Nd7 17. Qd2 Bg5 18. f3 Ne5 19. Nxe5 Qxe5 20.
Rfd1 Be7 21. Qe1 Bc5+ 22. Kh1 Be6 23. Qh4 Be3 24. Rc2 Kh7 25. g4 g5 26. Qe1
h5 27. gxh5 Kg7 28. h6+ Kxh6 29. Rd3 Rad8 30. Nd1 Rxd3 31. Bxd3 Rd8 32. Be2
f5 33. Nxe3 fxe3 34. Qc3 Qxc3 35. Rxc3 f4 36. Rd3 Rxd3 37. Bxd3 g4 38. Kg2
Kg5 39. b3 gxf3+ 40. Kxf3 Bg4+ 41. Kg2 Kh4 0-1

[Event "XLIV Capablanca Memorial Open"]
[Site "Havana CUB"]
[Date "2009.06.09"]
[Round "2"]
[White "Carvajal,N"]
[Black "Catala,I"]
[Result "1-0"]
[WhiteElo "2330"]
[BlackElo "2173"]
[EventDate "2009.06.08"]

1. e4 c5 2. Nf3 e6 3. d4 cxd4 4. Nxd4 Nf6 5. Bd3 Nc6 6. Nxc6 bxc6 7. O-O
Qc7 8. c4 Be7 9. Nc3 O-O 10. f4 d5 11. Kh1 Rd8 12. Qc2 Bb7 13. cxd5 cxd5
14. e5 Ne4 15. Nxd5 Qxc2 16. Nxe7+ Kf8 17. Bxc2 Kxe7 18. Be3 Rac8 19. Rfc1
a6 20. Ba4 g6 21. Kg1 Rd3 22. Rxc8 Bxc8 23. Re1 Bb7 24. Bc2 Rxe3 25. Rxe3
f5 26. Bxe4 Bxe4 27. Ra3 Bb7 28. Rb3 Bd5 29. Rb6 Kd7 30. Rxa6 h6 31. Kf2
Kc7 32. a4 Kb7 33. Rd6 Bc4 34. Ke3 g5 35. g3 gxf4+ 36. gxf4 Bb3 37. a5 Bc4
38. Kd4 1-0

[Event "XLIV Capablanca Memorial Open"]
[Site "Havana CUB"]
[Date "2009.06.09"]
[Round "2"]
[White "Trujillo Villega,P"]
[Black "Larduet Despaigne,C"]
[Result "1-0"]
[WhiteElo "2209"]
[BlackElo "2326"]
[EventDate "2009.06.08"]

1. e4 c5 2. Nf3 e6 3. d4 cxd4 4. Nxd4 a6 5. Bd3 Bc5 6. Nb3 Be7 7. O-O Qc7
8. a4 Nf6 9. f4 d6 10. a5 O-O 11. Be3 Nc6 12. N1d2 e5 13. Bb6 Qb8 14. fxe5
dxe5 15. Nc4 Be6 16. Nc5 Bxc4 17. Bxc4 Rd8 18. Nd3 Rf8 19. Qe2 Bd8 20. Bc5
Nxa5 21. Bxf8 Nxc4 22. Bc5 Nb6 23. Rxf6 1-0

[Event "XLIV Capablanca Memorial Open"]
[Site "Havana CUB"]
[Date "2009.06.09"]
[Round "2"]
[White "Macias Murillo,B"]
[Black "Hernandez,Z"]
[Result "1-0"]
[WhiteElo "2299"]
[BlackElo "2043"]
[EventDate "2009.06.08"]

1. d4 d5 2. c4 c6 3. Nc3 Nf6 4. e3 a6 5. Nf3 b5 6. cxd5 cxd5 7. Bd3 Bb7 8.
O-O Nbd7 9. Qe2 e6 10. Nd2 Qb6 11. Nb3 Ne4 12. f3 Nxc3 13. bxc3 Bd6 14. e4
O-O 15. e5 Nxe5 16. Bc2 Rac8 17. f4 Nd7 18. f5 exf5 19. Bxf5 Rce8 20. Qd3
Nf6 21. Qh3 Be7 22. Bg5 Bc8 23. Bxc8 Rxc8 24. Rae1 Rc7 25. Re5 Qd6 26. Ref5
Qe6 27. Bxf6 Bxf6 28. Qg3 Bd8 29. Nc5 Qc6 30. Qf3 Bf6 31. Rxd5 Kh8 32. Qf5
a5 33. Nd7 Re8 34. Nxf6 gxf6 35. Rxb5 Qe6 36. Qxe6 Rxe6 37. Rc1 Re3 38.
Rxa5 Rce7 39. Rf5 Kg7 40. Kf1 Rd3 41. Rf2 Rc7 42. Rfc2 Re7 43. Kf2 Re4 44.
a4 Re6 45. a5 Rde3 46. Ra2 R3e4 47. a6 1-0

[Event "XLIV Capablanca Memorial Open"]
[Site "Havana CUB"]
[Date "2009.06.10"]
[Round "3"]
[White "Leyva Rivera,Y"]
[Black "Gonzalez Vidal,Y"]
[Result "1/2-1/2"]
[WhiteElo "2392"]
[BlackElo "2501"]
[EventDate "2009.06.08"]

1. d4 Nf6 2. c4 e6 3. Nc3 Bb4 4. e3 c5 5. Nf3 O-O 6. Bd3 d5 7. O-O cxd4 8.
exd4 dxc4 9. Bxc4 b6 10. Bg5 Bb7 11. Re1 Nbd7 12. Rc1 Rc8 13. Qb3 Be7 14.
Bxf6 Nxf6 15. Bxe6 Rc7 16. Bc4 Bxf3 17. gxf3 Bd6 18. Nb5 Rd7 19. Nxd6 Rxd6
20. Red1 h6 1/2-1/2

[Event "XLIV Capablanca Memorial Open"]
[Site "Havana CUB"]
[Date "2009.06.10"]
[Round "3"]
[White "Borges Feria,Y"]
[Black "Blanco,H"]
[Result "1/2-1/2"]
[WhiteElo "2400"]
[BlackElo "2440"]
[EventDate "2009.06.08"]

1. d4 d5 2. c4 c6 3. Nc3 Nf6 4. Nf3 dxc4 5. a4 Bf5 6. Ne5 e6 7. e3 Bb4 8.
Bxc4 Nbd7 9. Nxd7 Qxd7 10. O-O O-O 11. Bd2 Qe7 12. Ne2 Bxd2 13. Qxd2 e5
1/2-1/2

[Event "XLIV Capablanca Memorial Open"]
[Site "Havana CUB"]
[Date "2009.06.10"]
[Round "3"]
[White "Margolin,B"]
[Black "Alarcon,Rol"]
[Result "1/2-1/2"]
[WhiteElo "2436"]
[BlackElo "2367"]
[EventDate "2009.06.08"]

1. e4 e6 2. d4 d5 3. Nc3 Bb4 4. exd5 exd5 5. Bd3 Nc6 6. Be3 Nge7 7. Qf3 Be6
8. Nge2 Qd7 9. h3 O-O 10. O-O-O Bf5 11. Ng3 Bxd3 12. Rxd3 f6 13. Nce2 Bd6
14. Kb1 Bxg3 15. Nxg3 Rab8 1/2-1/2

[Event "XLIV Capablanca Memorial Open"]
[Site "Havana CUB"]
[Date "2009.06.10"]
[Round "3"]
[White "Pina Vega,S"]
[Black "Figueredo,L"]
[Result "1/2-1/2"]
[WhiteElo "2270"]
[BlackElo "2419"]
[EventDate "2009.06.08"]

1. Nf3 c5 2. g3 Nc6 3. Bg2 e5 4. d3 g6 5. e4 Bg7 6. Be3 d6 7. Qd2 h6 8. c3
Nf6 9. h3 b6 10. c4 Nd4 11. Nc3 a6 12. Nd5 Nxd5 13. cxd5 b5 14. Bxd4 exd4
15. O-O O-O 16. b4 cxb4 17. Qxb4 Qb6 18. a4 Bd7 19. Rfc1 Rfc8 20. a5 Qb8
21. Rab1 1/2-1/2

[Event "XLIV Capablanca Memorial Open"]
[Site "Havana CUB"]
[Date "2009.06.10"]
[Round "3"]
[White "Morales,P"]
[Black "Perez,Je"]
[Result "0-1"]
[WhiteElo "2410"]
[BlackElo "2080"]
[EventDate "2009.06.08"]

1. e4 e5 2. Nf3 Nc6 3. Bc4 Nf6 4. d4 exd4 5. e5 d5 6. Bb5 Ne4 7. Nxd4 Bd7
8. Bxc6 bxc6 9. O-O Bc5 10. f3 Ng5 11. Kh1 Bb6 12. Nc3 c5 13. Bxg5 Qxg5 14.
f4 Qg4 15. Nf3 d4 16. Ne2 Bc6 17. Qd3 O-O-O 18. a4 a5 19. h3 Qd7 20. b3 Kb8
21. Rad1 Qc8 22. Ng5 Rd7 23. f5 Re7 24. e6 fxe6 25. Nxe6 Qb7 26. N2f4 Be4
27. Qc4 Qc6 28. Rde1 Rhe8 29. c3 g5 30. Rxe4 Qxe4 31. Nd5 Rxe6 32. fxe6
Qxe6 33. cxd4 cxd4 34. Rf6 Qe1+ 35. Kh2 Qe5+ 36. Kg1 d3+ 37. Nxb6 Qe3+ 38.
Kh2 cxb6 39. Rd6 Qe5+ 0-1

[Event "XLIV Capablanca Memorial Open"]
[Site "Havana CUB"]
[Date "2009.06.10"]
[Round "3"]
[White "Obregon,A"]
[Black "Hernandez Moya,Y"]
[Result "1-0"]
[WhiteElo "2406"]
[BlackElo "2104"]
[EventDate "2009.06.08"]

1. e4 e6 2. d3 d5 3. Nd2 c5 4. Ngf3 Nc6 5. g3 Bd6 6. Bg2 Nge7 7. O-O O-O 8.
Re1 f5 9. e5 Bc7 10. c3 Ng6 11. d4 b6 12. h4 cxd4 13. cxd4 f4 14. h5 Nh8
15. g4 Nf7 16. Bh3 Bd7 17. Kh2 g5 18. a3 Rc8 19. b4 Bb8 20. Bb2 Qe7 21. Rg1
Kh8 22. Nb3 Rg8 23. b5 Na5 24. Nxa5 bxa5 25. a4 Bc7 26. Bf1 Nh6 27. Ba3 Qf7
28. Bc5 Bb6 29. Rc1 Be8 30. Ne1 Qg7 31. Nd3 Bd7 32. f3 Rge8 33. Qb3 Qf7 34.
Be2 Rg8 35. Kg2 Rge8 36. Rh1 Qg8 37. Qa3 Qf7 38. Rc3 Rb8 39. Rhc1 Rb7 40.
Nf2 Ng8 41. Nh3 h6 42. Bd3 Ne7 43. Nf2 Qg7 44. R1c2 Nc8 45. Be2 Qf7 46. Nd3
Bd8 47. Nc1 Nb6 48. Nb3 Nc8 49. Bd3 Rg8 50. Qa1 Ne7 51. Bd6 Nf5 52. gxf5 g4
53. Qh1 gxf3+ 54. Kxf3 Rg3+ 55. Kf2 Qg7 56. f6 1-0

[Event "XLIV Capablanca Memorial Open"]
[Site "Havana CUB"]
[Date "2009.06.10"]
[Round "3"]
[White "Cruz de la Osa,R"]
[Black "Corrales Jimenez,Z"]
[Result "0-1"]
[WhiteElo "2228"]
[BlackElo "2143"]
[EventDate "2009.06.08"]

1. e4 c5 2. c3 d5 3. exd5 Qxd5 4. d4 Nf6 5. Nf3 Bg4 6. Nbd2 Nc6 7. Bc4 Bxf3
8. gxf3 Qd7 9. dxc5 Qc7 10. Qe2 g6 11. Ne4 Nxe4 12. fxe4 Bg7 13. f4 Qa5 14.
O-O Qxc5+ 15. Be3 Qa5 16. Rad1 Qc7 17. Rd5 O-O 18. Rg5 Kh8 19. Rg3 Rad8 20.
a3 a6 21. Ba2 Qd7 22. Bc1 b5 23. Kh1 Qc8 24. Qg2 Rd7 25. Rh3 Qd8 26. Bd5
Rd6 27. f5 Ne5 28. Bg5 Qd7 29. Qg3 gxf5 30. exf5 Rg8 31. Qh4 h6 32. Bg2 Rd1
33. Qf4 Rxf1+ 34. Qxf1 Kh7 35. Be4 f6 36. Qc1 fxg5 37. f6+ Ng6 38. Rd3 Qg4
39. Rd4 Qh3 40. fxg7 Rxg7 41. Qb1 g4 42. Rd3 Qh4 43. Rg3 h5 44. Qc1 Rf7 45.
Bg2 Nf4 46. Be4+ Kg7 47. Bg2 Ne2 48. Qe3 Nxg3+ 49. Qxg3 0-1

[Event "XLIV Capablanca Memorial Open"]
[Site "Havana CUB"]
[Date "2009.06.10"]
[Round "3"]
[White "Martinez,Lel"]
[Black "Pecorelli Garcia,H"]
[Result "1-0"]
[WhiteElo "2520"]
[BlackElo "2399"]
[EventDate "2009.06.08"]

1. e4 e5 2. Nf3 Nc6 3. Bb5 a6 4. Ba4 Nf6 5. O-O Nxe4 6. d4 b5 7. Bb3 d5 8.
dxe5 Be6 9. Nbd2 Nc5 10. c3 Bg4 11. Bc2 Ne6 12. Re1 Bc5 13. b4 Ba7 14. Nf1
Bh5 15. Ng3 Bg6 16. Be3 Bxe3 17. Rxe3 d4 18. Nxd4 Ncxd4 19. cxd4 Qxd4 20.
Bxg6 hxg6 21. Qxd4 Nxd4 22. Rc1 O-O-O 23. f3 Ne6 24. Ne4 Rd4 25. Rec3 Rxb4
26. Nc5 Nxc5 27. Rxc5 Rc4 28. R1xc4 bxc4 29. Rxc4 Re8 30. f4 Rd8 31. Ra4
Kb7 32. Kf2 Rd2+ 33. Kf3 Kb6 34. Rb4+ Kc6 35. Rc4+ Kb6 36. a4 c5 37. Re4
Ka5 38. h4 Rd3+ 39. Ke2 Rg3 40. Kf2 Rb3 41. g4 Rb4 42. Ke3 Kxa4 43. f5 gxf5
44. gxf5 Ka3 45. e6 fxe6 46. fxe6 Rb8 47. e7 Re8 48. Re6 Kb3 49. Ke4 c4 50.
Kd5 a5 51. Rb6+ Ka2 52. Ke6 c3 53. Ra6 Rc8 54. Rxa5+ Kb2 55. Rb5+ Ka2 56.
Rg5 c2 57. Rg1 1-0

[Event "XLIV Capablanca Memorial Open"]
[Site "Havana CUB"]
[Date "2009.06.10"]
[Round "3"]
[White "Soto,O"]
[Black "Rasmussen,Kar"]
[Result "0-1"]
[WhiteElo "2293"]
[BlackElo "2447"]
[EventDate "2009.06.08"]

1. e4 c6 2. d4 d5 3. Nd2 dxe4 4. Nxe4 Bf5 5. Ng3 Bg6 6. Nf3 Nf6 7. Ne5 e6
8. c3 Nbd7 9. Nxg6 hxg6 10. Bf4 c5 11. dxc5 Bxc5 12. Bc4 Rh4 13. Ne2 Qb6
14. O-O Ne4 15. Qe1 g5 16. g3 Nxf2 17. Rxf2 Bxf2+ 18. Qxf2 Qxf2+ 19. Kxf2
Rxh2+ 20. Kg1 Rxe2 21. Bxe2 gxf4 22. gxf4 O-O-O 23. Kf2 Nf6 24. Rg1 g6 25.
Ke3 Rh8 26. c4 Rh2 27. Rg5 Nh5 28. b4 Nxf4 29. Bf3 Nh5 30. Rc5+ Kb8 31. Rb5
b6 32. c5 Kc7 33. a4 Ng7 34. cxb6+ axb6 35. a5 Nf5+ 36. Kf4 bxa5 37. bxa5
Nd6 38. Rc5+ Kd7 39. Ke3 Ra2 40. Bc6+ Ke7 41. Kd3 Ra3+ 42. Kc2 f5 43. Kb2
Rxa5 44. Rxa5 Nc4+ 45. Kc3 Nxa5 46. Bg2 Kd6 0-1

[Event "XLIV Capablanca Memorial Open"]
[Site "Havana CUB"]
[Date "2009.06.10"]
[Round "3"]
[White "Catala,I"]
[Black "Figueroa,J"]
[Result "1-0"]
[WhiteElo "2173"]
[BlackElo "1780"]
[EventDate "2009.06.08"]

1. d4 d5 2. Nf3 e6 3. e3 Nf6 4. Bd3 b6 5. O-O Ba6 6. Ne5 Bxd3 7. cxd3 Bd6
8. Nc3 O-O 9. f4 c5 10. Qf3 cxd4 11. exd4 Nfd7 12. Be3 f6 13. Nxd7 Qxd7 14.
f5 Rd8 15. Rac1 Na6 16. a3 Nc7 17. fxe6 Nxe6 18. Kh1 Bc7 19. Qh3 Rac8 20.
Rf5 Bd6 21. Rxd5 Qe7 22. Rf5 Bb8 23. Rcf1 Nxd4 24. Nd5 Qf7 25. Bxd4 Rc2 26.
Nxf6+ gxf6 27. Qg4+ Qg6 28. Qf3 Be5 29. Bxe5 fxe5 30. Rf8+ 1-0

[Event "XLIV Capablanca Memorial Open"]
[Site "Havana CUB"]
[Date "2009.06.10"]
[Round "3"]
[White "Garcia Pantoja,R"]
[Black "Guerrero,JuC"]
[Result "0-1"]
[WhiteElo "2369"]
[BlackElo "2202"]
[EventDate "2009.06.08"]

1. e4 c5 2. Nf3 d6 3. d4 cxd4 4. Nxd4 Nf6 5. Nc3 g6 6. Be3 Bg7 7. f3 O-O 8.
Qd2 Nc6 9. Bc4 Bd7 10. O-O-O Rc8 11. Bb3 Ne5 12. h4 h5 13. Bg5 Rc5 14. Rhe1
b5 15. f4 Nc4 16. Bxc4 bxc4 17. e5 Qb6 18. Kb1 Rb8 19. b3 Nd5 20. Nxd5 Rxd5
21. Bxe7 dxe5 22. fxe5 Bg4 23. Bd6 Rd8 24. c3 Bxd1 25. Qxd1 cxb3 26. axb3
Re8 27. Rf1 Bxe5 28. Qf3 Qb7 29. Bc7 Re7 30. Bxe5 Rdxe5 31. Qxb7 Rxb7 32.
Kc2 Re4 33. g3 Re3 34. Rg1 Rc7 35. Nb5 Rc5 36. c4 Rf5 37. Rg2 Rff3 38. b4
a6 39. Nd4 Rc3+ 40. Kb2 Rfd3 41. c5 Rc4 42. Nc2 a5 43. bxa5 Rxc5 44. Nb4
Rb5 45. Kc2 Ra3 46. Kb2 Ra4 0-1

[Event "XLIV Capablanca Memorial Open"]
[Site "Havana CUB"]
[Date "2009.06.10"]
[Round "3"]
[White "Lucena,L"]
[Black "Martin Rosabal,N"]
[Result "1/2-1/2"]
[WhiteElo "2206"]
[BlackElo "1982"]
[EventDate "2009.06.08"]

1. Nf3 c5 2. c4 Nc6 3. g3 e5 4. Nc3 g6 5. a3 Bg7 6. Bg2 d6 7. O-O Nge7 8.
d3 O-O 9. Rb1 a5 10. Ne1 Be6 11. Nd5 Rb8 12. Nc2 b5 13. Nce3 b4 14. Bd2 Qd7
15. axb4 axb4 16. Re1 f5 17. Qa4 Qc8 18. Nxe7+ Nxe7 19. Ra1 f4 20. Nd5 Nxd5
21. cxd5 fxg3 22. fxg3 Bh3 23. Qa6 Bxg2 24. Kxg2 Qd7 25. Rab1 Ra8 26. Qc4
h5 27. Qe4 Kh7 28. Rf1 Bh6 29. Bxh6 Kxh6 30. Qe3+ Kg7 31. Qg5 Rf7 32. Rxf7+
Qxf7 33. e4 Rf8 34. Qe3 Qf6 35. h4 1/2-1/2

[Event "XLIV Capablanca Memorial Open"]
[Site "Havana CUB"]
[Date "2009.06.10"]
[Round "3"]
[White "Ortiz,Na"]
[Black "Carvajal,N"]
[Result "1/2-1/2"]
[WhiteElo "2248"]
[BlackElo "2330"]
[EventDate "2009.06.08"]

1. e4 c5 2. Nf3 d6 3. d4 Nf6 4. Nc3 cxd4 5. Nxd4 g6 6. Be3 Bg7 7. f3 O-O 8.
Qd2 Nc6 9. Bc4 Bd7 10. O-O-O Ne5 11. Bb3 Rc8 12. Kb1 Re8 13. h4 h5 14. g4
Qa5 15. Bh6 Rxc3 16. Bxg7 Kxg7 17. bxc3 Rc8 18. gxh5 Nxh5 19. Nf5+ Bxf5 20.
exf5 Qxc3 21. fxg6 Qxd2 22. Rxd2 fxg6 23. Rf1 Rf8 24. Kc1 Nxf3 25. Re2 e5
26. Bd5 Ng3 27. Bxf3 Nxf1 28. Bxb7 Rf4 29. Bg2 Ng3 30. Re3 Nf5 31. Ra3 e4
32. Rxa7+ Kf6 33. a4 Ne3 34. Bh3 Rxh4 35. Bc8 Rh2 36. Rc7 Nd5 37. Rc4 Ke5
38. a5 e3 39. Bg4 Rh1+ 40. Kb2 Rh7 41. Bf3 Ra7 42. Ra4 Nf4 43. Re4+ Kf5 44.
Rxe3 Rxa5 45. c4 Re5 46. Ra3 Re1 47. Ra5+ Kf6 48. Kc2 Re3 49. Bg4 Re4 50.
Kb3 Nd3 51. Bc8 Nc5+ 52. Kb4 Re8 53. Bg4 Kg5 54. Bd1 Re1 55. Bc2 Re2 56.
Kc3 1/2-1/2

[Event "XLIV Capablanca Memorial Open"]
[Site "Havana CUB"]
[Date "2009.06.10"]
[Round "3"]
[White "Garcia,Ser"]
[Black "Mencos,C"]
[Result "1-0"]
[WhiteElo "2190"]
[BlackElo "1899"]
[EventDate "2009.06.08"]

1. e4 c5 2. Nf3 e6 3. d4 cxd4 4. Nxd4 a6 5. Nd2 Nf6 6. Bd3 Qc7 7. Qe2 d6 8.
O-O Be7 9. f4 Qb6 10. Nc4 Qd8 11. e5 d5 12. Nd2 Nfd7 13. f5 Nc5 14. Qg4 Qb6
15. Qxg7 Rf8 16. N2f3 exf5 17. Kh1 Nxd3 18. cxd3 Qg6 19. Qxg6 hxg6 20. Bg5
Bd7 21. e6 fxe6 22. Rae1 Nc6 23. Nxe6 Bxe6 24. Rxe6 Kf7 25. Rxe7+ Nxe7 26.
Ne5+ Kg7 27. Bxe7 Rfe8 28. Bc5 Rac8 29. Bd4 Kh7 30. g4 Rc2 31. gxf5 gxf5
32. Rxf5 Rc1+ 33. Kg2 Rc2+ 34. Kh3 Re7 35. Rh5+ Kg8 36. Nf3 Rh7 37. Rxh7
Kxh7 38. Kg4 Re2 39. h4 b5 40. Kf4 a5 41. a3 Kg6 42. Bc3 Kh5 43. Nd4 Re8
44. Nxb5 Kxh4 45. Nc7 Rf8+ 46. Ke5 Rf3 47. Kd4 a4 48. Nxd5 Kg5 49. Kc4 Kf5
50. Nb6 Rf4+ 51. d4 1-0

[Event "XLIV Capablanca Memorial Open"]
[Site "Havana CUB"]
[Date "2009.06.10"]
[Round "3"]
[White "Mena Crespo,C"]
[Black "Arias,Le"]
[Result "1/2-1/2"]
[WhiteElo "2353"]
[BlackElo "2406"]
[EventDate "2009.06.08"]

1. d4 d5 2. Nf3 Nf6 3. c4 c6 4. e3 a6 5. Bd3 Bg4 6. Qb3 Bxf3 7. gxf3 Ra7 8.
Nc3 e6 9. Bd2 Be7 10. f4 dxc4 11. Bxc4 b5 12. Be2 Nbd7 13. Qc2 c5 14. dxc5
Nxc5 15. b4 Ncd7 16. a4 Bxb4 17. axb5 a5 18. Na4 Nd5 19. O-O O-O 20. Bf3
Rc7 21. Qd3 Nc5 22. Nxc5 Rxc5 23. Rfc1 Nc3 24. Qxd8 Rxd8 25. Bxc3 Rxc3 26.
Rxc3 Bxc3 27. Rc1 Bb4 28. b6 Kf8 29. b7 Bd6 30. Rc6 Ke7 31. Ra6 Bc7 32. Kg2
g6 33. Ra8 h6 34. Rc8 Bb8 35. Bc6 g5 36. fxg5 hxg5 37. e4 f5 38. Kf3 Be5
39. exf5 exf5 40. Ra8 Bc7 1/2-1/2

[Event "XLIV Capablanca Memorial Open"]
[Site "Havana CUB"]
[Date "2009.06.10"]
[Round "3"]
[White "Macias Murillo,B"]
[Black "Abreu Delgado,A"]
[Result "1/2-1/2"]
[WhiteElo "2299"]
[BlackElo "2487"]
[EventDate "2009.06.08"]

1. d4 Nf6 2. c4 g6 3. Nf3 Bg7 4. g3 O-O 5. Bg2 d5 6. cxd5 Nxd5 7. O-O Nc6
8. Nc3 Nb6 9. d5 Na5 10. Bg5 h6 11. Bf4 c6 12. dxc6 Nxc6 13. Qc1 g5 14. Rd1
Bd7 15. Be3 Rc8 16. h4 f6 17. Bh3 Qe8 18. Bxd7 Nxd7 19. Qc2 b6 20. Qa4 Nde5
21. Nxe5 Nxe5 22. Qxa7 gxh4 23. Nd5 Kh8 24. Qxe7 hxg3 25. Qxe8 Rfxe8 26.
fxg3 Ng4 27. Bxb6 Rxe2 28. Bd4 f5 29. Nf4 Bxd4+ 30. Rxd4 Rxb2 31. Rad1 Rxa2
32. Rd7 Ne5 33. Re7 Nf3+ 34. Kf1 Nh2+ 35. Ke1 Nf3+ 36. Kf1 Nh2+ 37. Ke1
1/2-1/2

[Event "XLIV Capablanca Memorial Open"]
[Site "Havana CUB"]
[Date "2009.06.10"]
[Round "3"]
[White "Linares Napoles,O"]
[Black "Bacallao,Y"]
[Result "0-1"]
[WhiteElo "2295"]
[BlackElo "2469"]
[EventDate "2009.06.08"]

1. Nf3 Nf6 2. b3 d5 3. Bb2 Bf5 4. e3 e6 5. Be2 Nbd7 6. a3 Bd6 7. c4 O-O 8.
d3 h6 9. Nbd2 Bh7 10. Qc2 Qe7 11. O-O Rad8 12. b4 c6 13. Nb3 e5 14. Rad1
Rfe8 15. Qc1 e4 16. dxe4 dxe4 17. Nfd2 Ne5 18. Rfe1 Nfg4 19. h3 Nf6 20. Nf1
Bb8 21. Qc3 Bg6 22. Rd4 h5 23. Red1 Rxd4 24. exd4 Nd3 25. Nc5 Nxb2 26. Qxb2
Rd8 27. Nb3 Nh7 28. d5 cxd5 29. cxd5 Nf6 30. Bc4 Nd7 31. Nd4 Ne5 32. Bb3
Nd3 33. Qc3 Qf6 34. Rxd3 exd3 35. Qc5 Be4 36. Nd2 Qe5 37. d6 Bxd6 0-1

[Event "XLIV Capablanca Memorial Open"]
[Site "Havana CUB"]
[Date "2009.06.10"]
[Round "3"]
[White "Cori T.,D"]
[Black "Diaz Ordonez,C"]
[Result "1-0"]
[WhiteElo "2262"]
[BlackElo "2347"]
[EventDate "2009.06.08"]

1. d4 Nf6 2. Nf3 g6 3. c4 Bg7 4. g3 O-O 5. Bg2 d5 6. cxd5 Nxd5 7. O-O Nc6
8. e3 Nb6 9. Nc3 Re8 10. Re1 e5 11. d5 Na5 12. e4 Nac4 13. a4 a5 14. b3 Nd6
15. Bg5 f6 16. Be3 f5 17. Rc1 Nxe4 18. Nxe4 fxe4 19. Bxb6 cxb6 20. Nd2 Qxd5
21. Bxe4 Qd4 22. Nc4 Be6 23. Qxd4 exd4 24. Nd6 Re7 25. Bd5 Bxd5 26. Rxe7
Bf8 27. Re5 Bxb3 28. Ne4 Bxa4 29. Rc7 Kh8 30. Ng5 h6 31. Nf7+ Kg8 32. Re6
Bc2 33. Nxh6+ Bxh6 34. Rxc2 d3 35. Rc7 Bf8 36. Rxg6+ Kh8 37. Rc4 Kh7 38.
Rxb6 Rd8 39. Rxb7+ Kg8 40. Rg4+ Kh8 41. Rh4+ Kg8 42. Rg4+ Kh8 43. Rb5 Kh7
44. Rb1 d2 45. Rd1 Bh6 46. Ra4 Rd5 47. Kf1 1-0

[Event "XLIV Capablanca Memorial Open"]
[Site "Havana CUB"]
[Date "2009.06.10"]
[Round "3"]
[White "Clavijo,J"]
[Black "Frometa Castillo,Z"]
[Result "1-0"]
[WhiteElo "2365"]
[BlackElo "2184"]
[EventDate "2009.06.08"]

1. e4 c6 2. d4 g6 3. c4 Bg7 4. Nc3 d6 5. Nf3 Bg4 6. Be2 Bxf3 7. Bxf3 Qb6 8.
d5 Qb4 9. Qb3 Qxb3 10. axb3 Bxc3+ 11. bxc3 c5 12. g4 Nd7 13. h4 Ngf6 14. g5
Ne5 15. Be2 Nxe4 16. Rh3 f6 17. f3 Nxc3 18. Bf1 fxg5 19. hxg5 O-O 20. f4
Nxd5 21. cxd5 Nd7 22. Rh4 Rfe8 23. Bb5 Red8 24. Bb2 1-0

[Event "XLIV Capablanca Memorial Open"]
[Site "Havana CUB"]
[Date "2009.06.10"]
[Round "3"]
[White "Delgado,H"]
[Black "Otero,Di"]
[Result "1-0"]
[WhiteElo "2385"]
[BlackElo "2431"]
[EventDate "2009.06.08"]

1. e4 e5 2. Nf3 Nc6 3. Bb5 a6 4. Bxc6 dxc6 5. O-O f6 6. d4 exd4 7. Nxd4 c5
8. Nb3 Qxd1 9. Rxd1 Bg4 10. f3 Bd7 11. Bf4 O-O-O 12. Nc3 c4 13. Na5 Bc5+
14. Kh1 b5 15. Nd5 Ne7 16. Bxc7 Nxd5 17. Bxd8 Nc3 18. Nb7 Nxd1 19. Nxc5
Nxb2 20. Ba5 Na4 21. Nxa6 Kb7 22. Nc7 Nb6 23. Nxb5 Bxb5 24. Rb1 Rd8 25. h4
Kc6 26. a4 Bxa4 27. Rxb6+ Kc5 28. Rb2 Rd7 29. Kh2 Kd4 30. Ra2 Bc6 31. Ra3
Ke5 32. Be1 Rb7 33. Bg3+ Ke6 34. Ra5 Bb5 35. c3 f5 36. exf5+ Kxf5 37. Ra8
Ke6 38. h5 Kf7 39. Bf2 Bc6 40. Rc8 Bd5 41. Bd4 Be6 42. Rh8 Bf5 43. g4 Bd3
44. Kg3 Rb3 45. Kf4 Rb7 46. h6 1-0

[Event "XLIV Capablanca Memorial Open"]
[Site "Havana CUB"]
[Date "2009.06.10"]
[Round "3"]
[White "Guerra Mendez,J"]
[Black "Gomez,Fe"]
[Result "1/2-1/2"]
[WhiteElo "2420"]
[BlackElo "2359"]
[EventDate "2009.06.08"]

1. e4 e5 2. Nf3 Nc6 3. Bb5 f5 4. Nc3 fxe4 5. Nxe4 Nf6 6. Nxf6+ Qxf6 7. Qe2
Be7 8. Bxc6 dxc6 9. Nxe5 Bf5 10. O-O O-O 11. d4 Bd6 12. c3 c5 13. Bf4 cxd4
14. cxd4 Rae8 15. Rfe1 Be6 16. Bg3 Bb4 17. Red1 c6 18. Qc2 Rd8 19. Qa4 Qe7
20. a3 Bd6 21. Re1 a6 22. Re3 Qf6 23. Rae1 Bd5 24. Qc2 Qg5 25. Qe2 c5 26.
dxc5 Bxc5 27. Nf3 Qg4 28. Re5 Ba7 29. Re7 Bxf3 30. gxf3 Rxf3 31. Qe6+ Qxe6
32. R1xe6 Rf7 33. Re8+ Rxe8 34. Rxe8+ Rf8 35. Re4 Rf5 36. Re7 Rf7 37. Re8+
Rf8 1/2-1/2

[Event "XLIV Capablanca Memorial Open"]
[Site "Havana CUB"]
[Date "2009.06.10"]
[Round "3"]
[White "Cori,J"]
[Black "Guerra Mojena,L"]
[Result "1-0"]
[WhiteElo "2418"]
[BlackElo "2252"]
[EventDate "2009.06.08"]

1. e4 c5 2. Nf3 e6 3. c3 Nf6 4. d3 Nc6 5. Be2 d5 6. Nbd2 Bd6 7. O-O O-O 8.
Re1 Qc7 9. Qc2 b6 10. Nf1 dxe4 11. dxe4 Bb7 12. Bg5 Nd7 13. Rad1 Nde5 14.
N3d2 Be7 15. Be3 Ng6 16. g3 Rad8 17. f4 Rfe8 18. Nf3 Rxd1 19. Rxd1 Rd8 20.
Rxd8+ Qxd8 21. N1d2 Nf8 22. Kf2 Qc8 23. Nc4 b5 24. Ncd2 a6 25. b3 Nd7 26.
h3 Qc7 27. c4 b4 28. e5 Nd8 29. Bd3 h6 30. Ne4 Qc6 31. Qd1 Kf8 32. Bb1 f5
33. exf6 gxf6 34. Nh4 Nf7 35. Ng6+ Ke8 36. Qh5 Kd8 37. Nxe7 Kxe7 38. Bxc5+
Nxc5 39. Qxc5+ Qxc5+ 40. Nxc5 Bc8 41. Be4 Nd6 42. Ke3 e5 43. fxe5 fxe5 44.
Nd3 Bxh3 45. Nxe5 Ke6 46. Nd3 Nxe4 47. Kxe4 Bf5+ 48. Kd4 a5 49. Nc5+ Kd6
50. Ne4+ Kc6 51. Nd2 Bc2 52. c5 Bh7 53. Nc4 Kb5 54. Kd5 a4 55. c6 axb3 56.
axb3 Ka6 57. Kc5 Be4 58. Nd6 1-0

[Event "XLIV Capablanca Memorial Open"]
[Site "Havana CUB"]
[Date "2009.06.10"]
[Round "3"]
[White "Ostos,J"]
[Black "Herrera Sosa,J"]
[Result "1-0"]
[WhiteElo "2316"]
[BlackElo "1927"]
[EventDate "2009.06.08"]

1. e4 e5 2. Nf3 Nc6 3. Bb5 a6 4. Ba4 Nf6 5. d4 exd4 6. O-O Be7 7. Re1 b5 8.
e5 Nd5 9. Bb3 Nb6 10. Ng5 Bxg5 11. Qh5 g6 12. Qxg5 Qxg5 13. Bxg5 Na5 14.
Nd2 Nxb3 15. cxb3 Bb7 16. Rac1 Rc8 17. Ne4 Bxe4 18. Rxe4 c5 19. b4 Na4 20.
Rxd4 Nxb2 21. Rxc5 Rxc5 22. bxc5 O-O 23. Rxd7 Rc8 24. Bf6 Nc4 25. c6 Nb6
26. Rd6 Na8 27. Rd8+ Rxd8 28. Bxd8 Kf8 29. c7 Nb6 30. f4 Ke8 31. g4 Kd7 32.
f5 gxf5 33. gxf5 a5 34. Kf2 a4 35. Ke2 b4 36. Kd3 b3 37. axb3 axb3 38. Kc3
b2 39. Kc2 Nd5 40. e6+ fxe6 41. fxe6+ Kc8 42. e7 Nxe7 43. Bxe7 Kxc7 44. h4
Kc6 45. Kxb2 Kd7 46. Bg5 Kc6 47. Kc3 Kc5 48. Kd3 Kd5 49. Ke3 Ke5 50. Kf3
Kf5 51. Bd8 Kg6 52. Kg4 Kh6 53. Kf5 Kh5 54. Bg5 h6 55. Kf6 1-0